Australian Monopoly Board Quiz - Statistics

General Stats
  • This quiz has been taken 56 times
  • The average score is 13 of 39
Answer Stats
Location % Correct
Go
75%
Chance
60%
Chance
60%
Jail/Just Visiting
60%
Community Chest
56%
Community Chest
56%
Community Chest
56%
Darwin
56%
Free Parking
54%
Hobart
52%
Melbourne
52%
Go to Jail
50%
Alice Springs
48%
Canberra
46%
Income Tax
42%
Gold Coast
38%
Orange
35%
Sydney Harbour
31%
Electric Company
29%
Brisbane Airport
27%
Water Works
27%
Broome
25%
Perth Airport
25%
Super Tax
25%
Sydney Airport
25%
Kangaroo Island
21%
Melbourne Airport
19%
Questacon
19%
Australian War Memorial
17%
Margaret River
17%
Barossa Valley
15%
Esperance
15%
Whitsundays
15%
Great Ocean Road
13%
Port Lincoln
13%
Stanley
13%
Freycinet National Park
10%
Phillip Island
10%
Tropical North QLD
6%
No matching quizzes found
Score Distribution
Percent of People with Each Score
Percentile by Number Answered
Your Score History
You have not taken this quiz